Cestovatelský deník /

Hlavní autor: Makovský, David, 1996-
Další autoři: Aora, Vít, 1996-, Popovičová, Jasmína
Jazyk: Čeština
Vydáno: [Praha] : Mementerra s.r.o., 2022
Vydání: 3. vydání
Témata:
Fyzický popis: 165 stran : mapy ; 22 cm
Knihy
Uloženo v:
LEADER 01532nam a2200409 i 4500
001 001846106
003 CZ BrMZK
005 20230206103342.0
007 ta
008 230120s2022 xr b g 000 0 cze
020 |a 978-80-907791-4-3  |q (vázáno) 
040 |a BOA001  |b cze  |e rda 
072 7 |a 91  |x Geografie jako věda. Výzkum. Cestování  |2 Konspekt  |9 7 
080 |a 910.4  |2 MRF 
080 |a 913:910.4  |2 MRF 
080 |a (047.22)  |2 MRF 
080 |a (059.3)  |2 MRF 
100 1 |a Makovský, David,  |d 1996-  |7 ola20181016298  |4 aut 
245 1 0 |a Cestovatelský deník /  |c autoři: David Makovský, Vít Libovický ; texty: Jasmína Popovičová 
250 |a 3. vydání 
264 1 |a [Praha] :  |b Mementerra s.r.o.,  |c 2022 
300 |a 165 stran :  |b mapy ;  |c 22 cm 
336 |a text  |b txt  |2 rdacontent 
337 |a bez média  |b n  |2 rdamedia 
338 |a svazek  |b nc  |2 rdacarrier 
500 |a Kniha je opatřena zajištovací gumovou páskou připevněnou na zadní straně obálky 
588 |a Popsáno podle 2. dotisku 3. vydání (rok původního vydání neuveden) 
650 0 7 |a cestování  |7 ph119114  |2 czenas 
650 0 7 |a cesty a pobyt  |7 ph137578  |2 czenas 
655 7 |a cestovní deníky  |7 fd891384  |2 czenas 
655 7 |a zápisníky  |7 fd133889  |2 czenas 
700 1 |a Aora, Vít,  |d 1996-  |7 xx0212172  |4 aut 
700 1 |a Popovičová, Jasmína  |4 aut 
910 |a BOA001  |b 2-1501.613 
990 |a BK 
991 |b 202302  |c NOV 
996 6 |b 2610928737  |c 2-1501.613  |l MZK  |r Sklad / do 1 hodiny  |n 0  |p p.v.  |w 001912341  |u 000010  |a 1  |e BOA001  |j MZK50  |s P